000 00524cam a2200181 4500500
005 20260329002956.0
041 _afre
042 _adc
100 1 0 _aMoreau, Denis
_eauthor
245 0 0 _aLes voies du salut
260 _c2014.
500 _a66
690 _aBlaise Pascal
690 _aDenis Moreau
690 _aPari
786 0 _nPhilosophie magazine | 79 | 5 | 2014-05-01 | p. 57-59 | 1951-1787
856 4 1 _uhttps://shs.cairn.info/magazine-philosophie-magazine-2014-5-page-57?lang=fr&redirect-ssocas=7080
999 _c1820194
_d1820194